[Event "Bucharest Grand Prix op"]
[Site "Bucharest"]
[Date "2024.03.24"]
[Round "9"]
[White "Manolache, Marius"]
[Black "Veneteanu, Mihai"]
[Result "1-0"]
[WhiteElo "2387"]
[BlackElo "2026"]
[PlyCount "89"]
[EventDate "2024.03.23"]
[EventType "swiss (rapid)"]
[EventRounds "10"]
[EventCountry "ROU"]
[SourceTitle "CB13_2024"]
[SourceDate "2024.03.27"]
[SourceVersion "1"]
[SourceVersionDate "2024.03.27"]
[SourceQuality "1"]

1. d4 d5 2. Nf3 Nf6 3. c4 e6 4. Nc3 Be7 5. Bf4 0-0 6. e3 c5 7. dxc5 Bxc5 8. cxd5 exd5 9. Be2 Nc6 10. 0-0 Bf5 11. Rc1 Bb6 12. Nb5 Ne4 13. Nbd4 Bd7 14. Nxc6 bxc6 15. Ne5 Qe8 16. h3 f6 17. Nxd7 Qxd7 18. Qa4 Nc5 19. Qc2 a5 20. Rfd1 Qe6 21. b3 f5 22. a3 Rfc8 23. b4 axb4 24. axb4 Ne4 25. Qb3 g5 26. Bh2 Rd8 27. Bf3 Nf6 28. Qc2 Rac8 29. Ra1 c5 30. bxc5 Bxc5 31. Qb3 Kg7 32. Qb2 g4 33. hxg4 fxg4 34. Be2 Bxe3 35. fxe3 Qxe3+ 36. Kh1 g3 37. Rd3 Qh6 38. Rxg3+ Kf8 39. Rf1 Rc6 40. Rh3 Qg6 41. Bd3 Qg5 42. Be5 Ke7 43. Bxf6+ Rxf6 44. Rxf6 Qxf6 45. Re3+ 1-0

[Event "Braila GP RO Stage 5"]
[Site "Braila"]
[Date "2022.11.05"]
[Round "1"]
[White "Guseinov, Gadir"]
[Black "Veneteanu, Mihai"]
[Result "1-0"]
[WhiteElo "2661"]
[BlackElo "2013"]
[PlyCount "113"]
[EventDate "2022.11.05"]
[EventType "swiss (rapid)"]
[EventRounds "10"]
[EventCountry "ROU"]
[SourceTitle "EXT 2024"]
[Source "ChessBase"]
[SourceDate "2023.10.10"]
[SourceVersion "1"]
[SourceVersionDate "2023.10.10"]
[SourceQuality "1"]

1. e4 c5 2. Nc3 d6 3. Bb5+ Bd7 4. Bxd7+ Qxd7 5. d4 cxd4 6. Qxd4 Nc6 7. Qd3 Nf6 8. Bg5 e6 9. Bxf6 gxf6 10. f4 0-0-0 11. 0-0-0 Rg8 12. g3 Kb8 13. Nf3 Be7 14. Kb1 Rc8 15. a3 Na5 16. Nd2 Qc6 17. Rhe1 Rgd8 18. Re2 Qb6 19. Ka2 a6 20. Rb1 Rd7 21. Rd1 Rdc7 22. Rc1 Nc4 23. Nxc4 Rxc4 24. Nb1 R4c5 25. c3 d5 26. exd5 Rxd5 27. Qxh7 Qb5 28. Qc2 Qc4+ 29. Ka1 Ra5 30. Rd2 f5 31. Rd7 Rc7 32. Rxc7 Qxc7 33. Rd1 Qc6 34. Qe2 Bf6 35. Qh5 Ka7 36. Qe2 Kb8 37. Rd2 Qc5 38. Rd7 Ka7 39. Qd3 Qg1 40. Qd2 Rb5 41. Ka2 Qb6 42. Rxf7 Rd5 43. Qc2 Bd8 44. h4 Qc6 45. h5 Qe8 46. Rh7 Qg8 47. Rh6 Qxg3 48. Rxe6 Qg8 49. Rg6 Qf7 50. Qb3 Qd7 51. Rg7 Qc6 52. Rg6 Qd7 53. c4 Rd3 54. Rg7 Rxb3 55. Rxd7 Rh3 56. Rxd8 Rxh5 57. Nc3 1-0

[Event "Targu Mures op 3rd"]
[Site "Targu Mures"]
[Date "2022.06.05"]
[Round "1"]
[White "Veneteanu, Mihai"]
[Black "Matei Catruna, Andrei"]
[Result "1-0"]
[WhiteElo "1996"]
[BlackElo "1348"]
[PlyCount "83"]
[EventDate "2022.06.05"]
[EventType "swiss"]
[EventRounds "9"]
[EventCountry "ROU"]
[SourceTitle "EXT 2024"]
[Source "ChessBase"]
[SourceDate "2023.10.10"]
[SourceVersion "1"]
[SourceVersionDate "2023.10.10"]
[SourceQuality "1"]

1. c4 Nf6 2. Nc3 e6 3. Nf3 d5 4. d4 Bb4 5. e3 0-0 6. Bd3 b6 7. 0-0 Bb7 8. Bd2 Bxc3 9. Bxc3 Nbd7 10. Nd2 c5 11. Qe2 Qc7 12. Rac1 Qc6 13. f3 Rac8 14. b4 Qc7 15. e4 Qb8 16. cxd5 exd5 17. e5 cxd4 18. Bxd4 Rfe8 19. f4 Rxc1 20. Rxc1 h6 21. Qf3 Nh7 22. Qg4 Ndf8 23. f5 Rc8 24. Rxc8 Qxc8 25. e6 f6 26. e7 Nd7 27. Qg6 Qc1+ 28. Nf1 Qc8 29. e8Q+ Qxe8 30. Qxe8+ Ndf8 31. Ng3 Ng5 32. Nh5 a5 33. b5 a4 34. Bxf6 gxf6 35. Nxf6+ Kg7 36. Nh5+ Kg8 37. Nf6+ Kg7 38. Ng4 Nf7 39. f6+ Kg8 40. Bh7+ Kxh7 41. Qxf7+ Kh8 42. Qg7# 1-0

[Event "Bucharest Super Rapid op"]
[Site "Bucharest"]
[Date "2022.04.30"]
[Round "2"]
[White "Veneteanu, Mihai"]
[Black "Baltag, Iulian"]
[Result "0-1"]
[WhiteElo "1996"]
[BlackElo "2411"]
[PlyCount "77"]
[EventDate "2022.04.30"]
[EventType "swiss (rapid)"]
[EventRounds "10"]
[EventCountry "ROU"]
[SourceTitle "CBM 208 Extra"]
[Source "ChessBase"]
[SourceDate "2022.07.31"]
[SourceVersion "1"]
[SourceVersionDate "2022.07.31"]
[SourceQuality "1"]

1. e4 c5 2. Nf3 d6 3. d4 cxd4 4. Nxd4 Nf6 5. Nc3 Nc6 6. Bc4 e5 7. Nf5 Be6 8. Bd5 Bxf5 9. exf5 Be7 10. 0-0 0-0 11. Kh1 Rc8 12. g4 b5 13. a3 Nd4 14. Bg2 a5 15. Be3 Rc4 16. g5 Nd7 17. Bd5 Nxf5 18. Bxc4 bxc4 19. Qg4 g6 20. Bd2 Nb6 21. Rad1 d5 22. f4 e4 23. Ne2 Qa8 24. Bc3 Na4 25. Be5 Bc5 26. Nd4 Bxd4 27. Bxd4 Qb7 28. Be5 Nc5 29. Qh3 Ne6 30. Qc3 e3 31. Qe1 d4+ 32. Kg1 Qxb2 33. Qe2 d3 34. Qg2 Qxa3 35. Ra1 Qc5 36. cxd3 e2+ 37. Rf2 cxd3 38. Qe4 Qc2 39. Qa4 0-1

[Event "ROM-ch Rapid"]
[Site "Bucharest"]
[Date "2022.03.12"]
[Round "5"]
[White "Stanca, Adrian"]
[Black "Veneteanu, Mihai"]
[Result "1/2-1/2"]
[WhiteElo "2205"]
[BlackElo "1974"]
[PlyCount "79"]
[EventDate "2022.03.11"]
[EventType "swiss (rapid)"]
[EventRounds "9"]
[EventCountry "ROU"]
[SourceTitle "CBM 207 Extra"]
[Source "ChessBase"]
[SourceDate "2022.05.31"]
[SourceVersion "1"]
[SourceVersionDate "2022.05.31"]
[SourceQuality "1"]

1. Nf3 Nf6 2. g3 b6 3. Bg2 Bb7 4. 0-0 c5 5. d3 e6 6. Nbd2 Be7 7. e4 d6 8. Nh4 Nfd7 9. Nhf3 0-0 10. a4 a6 11. Nc4 Qc7 12. Bf4 b5 13. axb5 axb5 14. Rxa8 Bxa8 15. Ncd2 Nc6 16. c3 Qb6 17. Be3 Bf6 18. Nb3 Na5 19. Nxa5 Qxa5 20. Bg5 Bxg5 21. Nxg5 h6 22. Nf3 Bc6 23. Nd2 Ra8 24. Qc2 Qa2 25. Nb3 c4 26. Nd4 cxd3 27. Qxd3 Ne5 28. Qe2 Bd7 29. Nxb5 Qc4 30. Qxc4 Nxc4 31. Nd4 Nxb2 32. Rb1 Na4 33. e5 d5 34. c4 Nc3 35. Rc1 Ra3 36. c5 Kf8 37. Bf1 Ke7 38. c6 Bc8 39. Nb5 Nxb5 40. Bxb5 1/2-1/2

[Event "ROM-ch Rapid"]
[Site "Bucharest"]
[Date "2022.03.12"]
[Round "9"]
[White "Veneteanu, Mihai"]
[Black "Nevednichy, Vladislav"]
[Result "0-1"]
[WhiteElo "1974"]
[BlackElo "2498"]
[PlyCount "126"]
[EventDate "2022.03.11"]
[EventType "swiss (rapid)"]
[EventRounds "9"]
[EventCountry "ROU"]
[SourceTitle "CBM 207 Extra"]
[Source "ChessBase"]
[SourceDate "2022.05.31"]
[SourceVersion "1"]
[SourceVersionDate "2022.05.31"]
[SourceQuality "1"]

1. e4 c5 2. Nf3 d6 3. d4 cxd4 4. Nxd4 Nf6 5. Nc3 Nc6 6. Bc4 e6 7. 0-0 a6 8. Bb3 Be7 9. Kh1 0-0 10. f4 Nxd4 11. Qxd4 b5 12. f5 Rb8 13. a3 a5 14. Bg5 b4 15. axb4 axb4 16. Ne2 exf5 17. exf5 Bb7 18. Nf4 d5 19. Rae1 Rc8 20. Rxe7 Qxe7 21. Nh5 Qe2 22. Ng3 Qa6 23. Bxf6 Qxf6 24. Qxf6 gxf6 25. Nh5 Rfd8 26. Nxf6+ Kg7 27. Nh5+ Kh6 28. Nf4 Ba6 29. Rf3 Bc4 30. Ba4 b3 31. cxb3 Bxb3 32. Bb5 Rc1+ 33. Bf1 Bc4 34. Kg1 Bxf1 35. Rxf1 Rxf1+ 36. Kxf1 Kg5 37. g3 Kxf5 38. Ke2 Rb8 39. Nxd5 Rxb2+ 40. Kf3 Rxh2 41. Ne3+ Kg5 42. Ng2 Rh1 43. Ne3 Ra1 44. Kf2 h5 45. Kf3 Ra3 46. Ke4 Ra4+ 47. Kf3 h4 48. gxh4+ Rxh4 49. Nd5 Rd4 50. Nc7 Rd7 51. Na6 Rd3+ 52. Ke2 Ra3 53. Nb4 f5 54. Nc6 Kg4 55. Kf2 Ra2+ 56. Kf1 Kg3 57. Nd4 Ra1+ 58. Ke2 Ra5 59. Kf1 Re5 60. Ne2+ Rxe2 61. Kxe2 f4 62. Kf1 Kf3 63. Ke1 Kg2 0-1

[Event "Targu Mures op"]
[Site "Targu Mures"]
[Date "2021.07.25"]
[Round "7"]
[White "Ardeleanu, Alin"]
[Black "Veneteanu, Mihai"]
[Result "1-0"]
[WhiteElo "2299"]
[BlackElo "1893"]
[PlyCount "145"]
[EventDate "2021.07.21"]
[EventType "swiss"]
[EventRounds "7"]
[EventCountry "ROU"]
[SourceTitle "CBM 203 Extra"]
[Source "ChessBase"]
[SourceDate "2021.09.30"]
[SourceVersion "1"]
[SourceVersionDate "2021.09.30"]
[SourceQuality "1"]

1. e4 e5 2. Nf3 Nc6 3. Nc3 Nf6 4. a3 Be7 5. d4 exd4 6. Nxd4 d6 7. Bb5 Bd7 8. 0-0 0-0 9. Re1 Re8 10. Bf4 a6 11. Nxc6 bxc6 12. Ba4 Qb8 13. Rb1 Qb6 14. h3 Rad8 15. Qf3 Be6 16. Be3 Qb7 17. Bd4 Nd7 18. Qg3 Bf6 19. Bxf6 Nxf6 20. e5 dxe5 21. Rxe5 Qb6 22. b4 Rd6 23. Rbe1 Red8 24. Ne4 Nxe4 25. R1xe4 Rd1+ 26. Kh2 R1d5 27. Bb3 Rxe5 28. Qxe5 Rd6 29. Re3 g6 30. c4 Qd4 31. c5 Qxe5+ 32. Rxe5 Rd3 33. Bxe6 fxe6 34. Rxe6 Rxa3 35. Rxc6 Ra4 36. Rxc7 Rxb4 37. Kg3 Rc4 38. Kf3 a5 39. Ke3 Kf8 40. Kd3 Rc1 41. Rxh7 Rxc5 42. Ra7 Rg5 43. g4 Re5 44. h4 Kg8 45. f4 Rb5 46. Ke4 Rc5 47. g5 Rb5 48. Kf3 Rb1 49. h5 Rf1+ 50. Kg3 gxh5 51. Rxa5 Kg7 52. Ra7+ Kg6 53. Ra6+ Kg7 54. Rh6 Rh1 55. Kg2 Rh4 56. Kf3 Rh1 57. Ke4 h4 58. Kf5 h3 59. Ra6 Rb1 60. Rh6 Rh1 61. Kg4 Rg1+ 62. Kxh3 Kf7 63. Ra6 Kg7 64. Kh4 Kf7 65. Kh5 Rh1+ 66. Kg4 Rb1 67. Ra7+ Kg8 68. Kh5 Rb5 69. Kh6 Rb1 70. f5 Kf8 71. Ra8+ Kf7 72. g6+ Ke7 73. Kg7 1-0